MARC

LEADER 00000nam0a2200000 4500
001 38288
005 20231101210504.0
035 |a (RuTPU)RU\TPU\book\38991 
090 |a 38288 
100 |a 20020228d1976 km y0rusy50 ca 
101 0 |a rus 
102 |a RU 
105 |a a z 001zy 
200 1 |a Расчет характеристик элементов цепей радиоэлектронной аппаратуры  |f И. Я. Гликман, Ю. С. Русин 
210 |a Москва  |c Советское радио  |d 1976 
215 |a 160 с.  |c ил. 
320 |a Библиогр.: с. 157-159. 
512 1 |a Расчет характеристик элементов цепей РЭА 
606 1 |a Радиоэлектронная аппаратура  |x Расчет  |2 stltpush  |3 (RuTPU)RU\TPU\subj\23472  |9 48064 
610 1 |a индуктивность 
610 1 |a емкость 
610 1 |a постоянные магниты 
610 1 |a электрические сопротивления 
610 1 |a потенциальные поля 
610 1 |a элементы 
675 |a 621.396.6.001  |v 3 
700 1 |a Гликман  |b И. Я.  |g Ион Яковлевич 
701 1 |a Русин  |b Ю. С.  |g Юрий Семенович 
801 1 |a RU  |b 63413507  |c 20020228  |g PSBO 
801 2 |a RU  |b 63413507  |c 20201029  |g PSBO 
942 |c BK